000 00591nam a22001697a 4500
003 OSt
005 20251029120543.0
008 251029b |||||||| |||| 00| 0 eng d
020 _a0060165030
040 _aALMA HOCHAUSER ORESTEIN
_cHARPERCOLLINS
050 _aTL 540 .M52 1993
_b.M52 1993
245 _aLOSS OF EDEN:
_bA BIOGRAPHY OF CHARLES AND ANNE MORROW LINDBERGH/
_cMILTON, JOYCE
250 _aFIRST EDITION
260 _aNEW YORK
_bHARPERCOLLINS PUBLISHERS
_c1993
300 _avi,520 P
_bill,:som col.:includes bibliographic references and index
_c22.6 cm
_ehardcover
942 _2lcc
_cBK
_n0
999 _c9724
_d9724